Supreme Court Constitutional Appeal No. 1 OF 1997 Attorney General Vs Major-General David Tinyefunza (Record no. 2745)
[ view plain ]
| 000 -LEADER | |
|---|---|
| fixed length control field | 00777nam a22001217a 4500 |
| 008 - FIXED-LENGTH DATA ELEMENTS--GENERAL INFORMATION | |
| fixed length control field | 110613t xxu||||| |||| 00| 0 eng d |
| 010 ## - LIBRARY OF CONGRESS CONTROL NUMBER | |
| LC control number | SCCAF28 |
| 245 ## - TITLE STATEMENT | |
| Title | Supreme Court Constitutional Appeal No. 1 OF 1997 Attorney General Vs Major-General David Tinyefunza |
| 260 ## - PUBLICATION, DISTRIBUTION, ETC. (IMPRINT) | |
| Date of publication, distribution, etc | 1997 |
| 500 ## - GENERAL NOTE | |
| General note | Coram:Wambuzi, C.J., Oder, J.S.C., Tsekooko, J.S.C., Karokora, J.S.C., Mulenga,J.S.C., Kanyeihamba, J.S.C., Kikonyogo, J.S.C. |
| 500 ## - GENERAL NOTE | |
| General note | Appeal from the orders/decisions of their Lordships S.T. Manyindo, D.C.J., G.M. Okello, J., Mpagi-Bahigeine, J., P. Tabaro, J., and F.M.S. Egonda-Ntende, Constitutional Court at Kampala given 25th April, 1997 in Constitutional Case No. 1 of 1996 |
| Withdrawn status | Lost status | Source of classification or shelving scheme | Damaged status | Koha normalized classification for sorting | Not for loan | Location (home branch) | Sublocation or collection (holding branch) | Shelving location | Date acquired | Koha issues (times borrowed) | Koha full call number | Piece designation (barcode) | Koha date last seen | Price effective from | Koha item type |
|---|---|---|---|---|---|---|---|---|---|---|---|---|---|---|---|
| Dewey Decimal Classification | SCCA_F_28 | Law Development Centre Main Library | Law Development Centre Main Library | Law Reports | 06/13/2011 | SCCA F_28 | 1/1997/01 | 06/13/2011 | 06/13/2011 | Un Reported Cases |
